[Event "Junior Online 4NCL Division 5"]
[Site "online"]
[Date "2020.04.23"]
[Round "2.72"]
[White "Sinha, Aarav"]
[Black "Liu, Wenle"]
[Result "0-1"]
[WhiteElo "1202"]
[BlackElo "1069"]
[PlyCount "104"]
[EventDate "2020.04.23"]
[WhiteTeam "Leicestershire Juniors 3"]
[BlackTeam "St Benildus 1"]

1. e4 e5 2. Nf3 Nc6 3. Bc4 Bc5 4. Nc3 d6 5. O-O Bg4 6. h3 Bh5 7. Re1 Nd4 8. Re3
Nxf3+ 9. Rxf3 Bxf3 10. Qxf3 Nf6 11. Nd5 Nxd5 12. Bxd5 O-O 13. d4 exd4 14. e5
dxe5 15. Be4 c6 16. Qh5 g6 17. Qxe5 Qd6 18. Qf4 Qxf4 19. Bxf4 f5 20. Bd3 Rfe8
21. Bc4+ Kg7 22. h4 h5 23. Bd2 a5 24. c3 dxc3 25. Bxc3+ Kh7 26. Rd1 Rad8 27.
Rc1 b5 28. Bf7 Rf8 29. Bb3 a4 30. Bc2 Bd4 31. Bb4 c5 32. Bd2 Bxb2 33. Rb1 Rxd2
34. Rxb2 b4 35. g3 a3 36. Rb3 Rxc2 37. Re3 Rxa2 38. Re7+ Kh6 39. g4 fxg4 40.
Kg2 Rfxf2+ 41. Kg3 Rg2+ 42. Kf4 Raf2+ 43. Ke3 Re2+ 44. Kd3 Rxe7 45. Kc4 Rge2
46. Kxc5 g3 47. Kxb4 g2 48. Kxa3 g1=Q 49. Kb3 Rd2 50. Kc3 Qc1+ 51. Kb3 Rb2+ 52.
Ka3 Qa1# 0-1

[Event "Junior Online 4NCL Division 5"]
[Site "online"]
[Date "2020.04.23"]
[Round "2.73"]
[White "Bueckert, Diana"]
[Black "Rahimifard, Cyrus"]
[Result "1-0"]
[WhiteElo "965"]
[BlackElo "1165"]
[PlyCount "43"]
[EventDate "2020.04.23"]
[WhiteTeam "St Benildus 1"]
[BlackTeam "Leicestershire Juniors 3"]

1. f4 e6 2. Nf3 Nc6 3. b3 Bc5 4. Bb2 f6 5. e3 d5 6. Be2 Nge7 7. O-O O-O 8. d4
Bd6 9. Nbd2 Nf5 10. Qc1 Nxe3 11. Rf2 e5 12. fxe5 fxe5 13. dxe5 Rxf3 14. Rxf3
Ng4 15. exd6 cxd6 16. Rg3 Nge5 17. Nf3 Nxf3+ 18. Bxf3 Qe8 19. Rxg7+ Kh8 20.
Re7+ Kg8 21. Rxe8+ Kf7 22. Bh5# 1-0

[Event "Junior Online 4NCL Division 5"]
[Site "online"]
[Date "2020.04.23"]
[Round "2.74"]
[White "Abraham, Leo"]
[Black "Bueckert, Lucy"]
[Result "1-0"]
[WhiteElo "1022"]
[BlackElo "819"]
[PlyCount "20"]
[EventDate "2020.04.23"]
[WhiteTeam "Leicestershire Juniors 3"]
[BlackTeam "St Benildus 1"]

1. e4 d5 2. e5 Nc6 3. d4 Bf5 4. a3 e6 5. Nf3 b5 6. Bxb5 Qd7 7. Bxc6 Qxc6 8. Nc3
Bg4 9. O-O Bxf3 10. Qxf3 Qc4 1-0

[Event "Junior Online 4NCL Division 5"]
[Site "online"]
[Date "2020.04.23"]
[Round "2.75"]
[White "Lv, Catherine Jia-Ai"]
[Black "Hand, Joseph"]
[Result "0-1"]
[WhiteElo "1210"]
[BlackElo "1092"]
[PlyCount "60"]
[EventDate "2020.04.23"]
[WhiteTeam "Leicestershire Juniors 3"]
[BlackTeam "St Benildus 1"]

1. e4 e5 2. Nf3 Nc6 3. Bc4 Bc5 4. O-O d6 5. Nc3 Nf6 6. d3 Bg4 7. h3 Bh5 8. Nd5
Nxd5 9. Bxd5 Qd7 10. c4 O-O-O 11. g4 Bxg4 12. hxg4 Qxg4+ 13. Kh2 f5 14. Ng5
Qh4+ 15. Kg1 Rd7 16. Be6 f4 17. Bxd7+ Kxd7 18. Nf7 Rf8 19. a3 Rxf7 20. b4 Bd4
21. Ra2 g5 22. Re2 g4 23. Bb2 g3 24. Bxd4 Nxd4 25. Rd2 Rg7 26. fxg3 Rxg3+ 27.
Rg2 Rxg2+ 28. Kxg2 Qg3+ 29. Kh1 f3 30. c5 Qg2# 0-1

[Event "Junior Online 4NCL Division 5"]
[Site "online"]
[Date "2020.04.23"]
[Round "2.76"]
[White "Liu, Wenle"]
[Black "Sinha, Aarav"]
[Result "1-0"]
[WhiteElo "1069"]
[BlackElo "1202"]
[PlyCount "35"]
[EventDate "2020.04.23"]
[WhiteTeam "St Benildus 1"]
[BlackTeam "Leicestershire Juniors 3"]

1. e4 e5 2. Nf3 Nc6 3. Bc4 Bc5 4. c3 a6 5. d4 b5 6. Bb3 exd4 7. cxd4 Bd6 8. e5
Bb4+ 9. Bd2 Nf6 10. exf6 Qxf6 11. O-O Bd6 12. Re1+ Ne7 13. Bg5 Qg6 14. Bxe7 Bf4
15. Bd6+ Kd8 16. Bxf4 h5 17. Qe2 h4 18. Qe7# 1-0

[Event "Junior Online 4NCL Division 5"]
[Site "online"]
[Date "2020.04.23"]
[Round "2.77"]
[White "Rahimifard, Cyrus"]
[Black "Bueckert, Diana"]
[Result "0-1"]
[WhiteElo "1165"]
[BlackElo "965"]
[PlyCount "94"]
[EventDate "2020.04.23"]
[WhiteTeam "Leicestershire Juniors 3"]
[BlackTeam "St Benildus 1"]

1. e4 d5 2. Nc3 d4 3. Nd5 e5 4. Nf3 c6 5. Nc3 dxc3 6. dxc3 Bg4 7. Qxd8+ Kxd8 8.
Bg5+ Be7 9. h4 Bxf3 10. gxf3 Nf6 11. O-O-O+ Nbd7 12. Bh3 Ke8 13. Bxf6 Bxf6 14.
Rxd7 Rb8 15. Rhd1 Bxh4 16. c4 Bxf2 17. Rf1 Be3+ 18. Kd1 Rd8 19. Rxd8+ Kxd8 20.
f4 exf4 21. c3 Re8 22. Re1 Rxe4 23. Bf5 Rxc4 24. Rxe3 fxe3 25. Ke2 g6 26. Kxe3
gxf5 27. Kf3 Re4 28. Kg3 Kd7 29. Kf3 Kd6 30. Kg3 Ke5 31. Kf3 Kd5 32. Kg3 Kc4
33. Kf3 Kd3 34. Kg3 Kc2 35. Kf3 Kxb2 36. Kg3 Kxa2 37. Kf3 Kb2 38. Kg3 Kxc3 39.
Kf3 a5 40. Kg3 a4 41. Kf3 a3 42. Kf2 a2 43. Kf1 a1=Q+ 44. Kg2 Rf4 45. Kh2 Qb2+
46. Kg3 Qf2+ 47. Kh3 Rf3# 0-1

[Event "Junior Online 4NCL Division 5"]
[Site "online"]
[Date "2020.04.23"]
[Round "2.78"]
[White "Bueckert, Lucy"]
[Black "Abraham, Leo"]
[Result "0-1"]
[WhiteElo "819"]
[BlackElo "1022"]
[PlyCount "156"]
[EventDate "2020.04.23"]
[WhiteTeam "St Benildus 1"]
[BlackTeam "Leicestershire Juniors 3"]

1. f4 d5 2. Nf3 Nc6 3. e3 Nf6 4. Bb5 Bd7 5. Bxc6 Bxc6 6. O-O Ne4 7. d3 Nf6 8.
Ne5 Qd6 9. Nxc6 Qxc6 10. b3 e6 11. Bb2 Be7 12. Nd2 Qc5 13. Bd4 Qc6 14. c4 dxc4
15. Nxc4 O-O 16. Ne5 Qd6 17. Bc3 Nd5 18. Bd2 Bf6 19. Qh5 g6 20. Qg4 Bxe5 21.
fxe5 Qxe5 22. d4 Qd6 23. e4 Nb4 24. Bxb4 Qxd4+ 25. Kh1 Qxb4 26. Rae1 Qd6 27. e5
Qd5 28. Qc4 Qxc4 29. bxc4 Rad8 30. Rd1 Rxd1 31. Rxd1 Rc8 32. Rd7 b6 33. Kg1 Kf8
34. Kf2 Ke8 35. Rd4 c5 36. Rh4 h5 37. g4 hxg4 38. Rxg4 Ke7 39. Rg3 Rd8 40. Ra3
a5 41. Rb3 Rd2+ 42. Ke3 Rxh2 43. Rxb6 Rxa2 44. Rb5 Ra3+ 45. Ke4 Rc3 46. Rxc5 a4
47. Rc7+ Kf8 48. Rc8+ Kg7 49. Ra8 Rxc4+ 50. Kd3 Rh4 51. Kc3 f5 52. Kb2 f4 53.
Ka3 g5 54. Rxa4 f3 55. Ra7+ Kg6 56. Ra8 f2 57. Rg8+ Kf5 58. Rf8+ Kxe5 59. Rxf2
Re4 60. Rg2 g4 61. Kb3 Kf4 62. Kc3 Kf3 63. Rg1 Re2 64. Rd1 g3 65. Rd3+ Kf2 66.
Rxg3 Kxg3 67. Kd4 Kf4 68. Kd3 Kf3 69. Kd4 e5+ 70. Kd3 e4+ 71. Kd4 e3 72. Kd3
Rh2 73. Kd4 e2 74. Kd3 e1=Q 75. Kc4 Qd1 76. Kc5 Rc2+ 77. Kb5 Qb1+ 78. Ka5 Ra2#
0-1

[Event "Junior Online 4NCL Division 5"]
[Site "online"]
[Date "2020.04.23"]
[Round "2.81"]
[White "Wood, Philip A"]
[Black "Bredenoord, Conrad"]
[Result "0-1"]
[WhiteElo "1427"]
[BlackElo "1142"]
[PlyCount "80"]
[EventDate "2020.04.23"]
[WhiteTeam "Hull and Friends 2"]
[BlackTeam "Long Ditton St Mary's"]

1. d4 Nf6 2. Nc3 e6 3. e4 Bb4 4. Bd3 b6 5. a3 Bxc3+ 6. bxc3 Bb7 7. Qe2 d5 8.
exd5 Bxd5 9. Nf3 Nbd7 10. c4 Bxf3 11. Qxf3 c5 12. d5 Ne5 13. Qe4 Nxe4 14. Bxe4
exd5 15. Bxd5 Rc8 16. O-O Qf6 17. Re1 O-O 18. Bb2 Nf3+ 19. Bxf3 Qxb2 20. h3
Rce8 21. Rec1 Qc3 22. Bd5 Qd4 23. Rd1 Qc3 24. Rdc1 a6 25. Bc6 Rc8 26. Bd5 b5
27. cxb5 axb5 28. Bf3 Rce8 29. Bc6 Re6 30. Bxb5 Rg6 31. Bd3 Rg5 32. a4 c4 33.
Bf1 Qxh3 34. g3 Qg4 35. a5 h5 36. Bg2 h4 37. Kf1 hxg3 38. f3 Qd4 39. Ke2 Qf2+
40. Kd1 Rd8# 0-1

[Event "Junior Online 4NCL Division 5"]
[Site "online"]
[Date "2020.04.23"]
[Round "2.82"]
[White "Sheftel, Sam"]
[Black "Wood, Gabriel"]
[Result "0-1"]
[WhiteElo "1075"]
[BlackElo "1345"]
[PlyCount "58"]
[EventDate "2020.04.23"]
[WhiteTeam "Long Ditton St Mary's"]
[BlackTeam "Hull and Friends 2"]

1. e4 e5 2. Bc4 Nc6 3. Nc3 Nf6 4. Nf3 Bc5 5. O-O d6 6. d3 h6 7. a3 Be6 8. Bxe6
fxe6 9. b4 Bb6 10. a4 a6 11. a5 Ba7 12. Qe2 O-O 13. Be3 Nd4 14. Nxd4 exd4 15.
Bf4 dxc3 16. Qf3 Nh5 17. Qxh5 Rxf4 18. Rae1 Qf6 19. e5 dxe5 20. Rxe5 Rf8 21. h3
Bxf2+ 22. Kh1 Bd4 23. Rxf4 Qxf4 24. Re1 Qf2 25. Qd1 Qd2 26. Qb1 Rf2 27. h4 Rxg2
28. Re2 Qxe2 29. Qg1 Rxg1# 0-1

[Event "Junior Online 4NCL Division 5"]
[Site "online"]
[Date "2020.04.23"]
[Round "2.83"]
[White "Pointon, Natasha"]
[Black "Holben, Joseph"]
[Result "1-0"]
[WhiteElo "1165"]
[BlackElo "1067"]
[PlyCount "41"]
[EventDate "2020.04.23"]
[WhiteTeam "Hull and Friends 2"]
[BlackTeam "Long Ditton St Mary's"]

1. e4 e5 2. Nf3 Qe7 3. Bc4 Nc6 4. Nc3 Nd4 5. Nxd4 exd4 6. Nb5 Qxe4+ 7. Be2 Qe5
8. Na3 Bxa3 9. bxa3 d3 10. Bb2 Qxb2 11. Rb1 Qxa2 12. Bxd3 Qxa3 13. O-O Nf6 14.
Ra1 Qd6 15. Re1+ Kf8 16. Rb1 Qf4 17. Qe2 d6 18. g3 Qh6 19. Qe7+ Kg8 20. Qd8+
Ne8 21. Qxe8# 1-0

[Event "Junior Online 4NCL Division 5"]
[Site "online"]
[Date "2020.04.23"]
[Round "2.85"]
[White "Bredenoord, Conrad"]
[Black "Wood, Philip A"]
[Result "0-1"]
[WhiteElo "1142"]
[BlackElo "1427"]
[PlyCount "124"]
[EventDate "2020.04.23"]
[WhiteTeam "Long Ditton St Mary's"]
[BlackTeam "Hull and Friends 2"]

1. e4 e5 2. Nf3 Nc6 3. Bc4 Bc5 4. b4 Bb6 5. b5 Na5 6. Nxe5 Nxc4 7. Nxc4 Qe7 8.
O-O Nf6 9. Nxb6 axb6 10. Bb2 O-O 11. e5 Nd5 12. Qg4 d6 13. e6 Nf6 14. Bxf6 Qxf6
15. Nc3 Bxe6 16. Qe4 Rab8 17. Nd5 Bxd5 18. Qxd5 Qe5 19. Qxe5 dxe5 20. Rfe1 Rfe8
21. Rad1 Rbd8 22. c3 c5 23. d4 cxd4 24. cxd4 exd4 25. Rxe8+ Rxe8 26. h3 Rd8 27.
a3 h6 28. f3 Rd5 29. a4 Rd8 30. Kf2 Ra8 31. Rxd4 f6 32. Rd7 Ra7 33. a5 Rxa5 34.
Rxb7 Rxb5 35. Rb8+ Kh7 36. g4 Rb2+ 37. Kg3 b5 38. Kf4 b4 39. Ke4 b3 40. Kd3 Rb1
41. Kc3 Rh1 42. Rxb3 Rxh3 43. Kb4 Rg3 44. Re3 Kg6 45. Kc4 h5 46. gxh5+ Kxh5 47.
Rd3 Kh6 48. Kd5 Rg5+ 49. Ke4 Re5+ 50. Kf4 g5+ 51. Kg3 Kh5 52. f4 gxf4+ 53. Kxf4
Rg5 54. Rh3+ Kg6 55. Rg3 Rxg3 56. Kxg3 Kf5 57. Kf3 Kg5 58. Kg3 f5 59. Kf3 f4
60. Kg2 Kg4 61. Kf2 f3 62. Kf1 Kg3 0-1

[Event "Junior Online 4NCL Division 5"]
[Site "online"]
[Date "2020.04.23"]
[Round "2.86"]
[White "Wood, Gabriel"]
[Black "Sheftel, Sam"]
[Result "1-0"]
[WhiteElo "1345"]
[BlackElo "1075"]
[PlyCount "87"]
[EventDate "2020.04.23"]
[WhiteTeam "Hull and Friends 2"]
[BlackTeam "Long Ditton St Mary's"]

1. e4 e5 2. Nf3 d6 3. Bc4 Bg4 4. h3 Bxf3 5. Qxf3 Nf6 6. Nc3 c6 7. d3 Nbd7 8.
Bg5 Be7 9. O-O Nb6 10. Bb3 d5 11. Bxf6 Bxf6 12. exd5 cxd5 13. Nxd5 Nxd5 14.
Bxd5 O-O 15. Rae1 Rb8 16. c3 b6 17. Re3 a5 18. Rfe1 Qd6 19. d4 exd4 20. cxd4
Bxd4 21. Rd3 Be5 22. Bxf7+ Rxf7 23. Rxd6 Rxf3 24. Rxe5 Rff8 25. Ree6 Kf7 26.
Rxb6 Rxb6 27. Rxb6 Ke7 28. Rb7+ Kd6 29. Rxg7 Kc5 30. Rxh7 Kb4 31. Rh4+ Kc5 32.
Rg4 Kb5 33. h4 Kc5 34. h5 Rh8 35. Rg5+ Kd4 36. Rxa5 Ke4 37. Rb5 Kd4 38. a4 Kc4
39. b3+ Kd4 40. a5 Ke4 41. a6 Kd3 42. a7 Kc3 43. Rb8 Rxb8 44. axb8=Q 1-0

[Event "Junior Online 4NCL Division 5"]
[Site "online"]
[Date "2020.04.23"]
[Round "2.87"]
[White "Holben, Joseph"]
[Black "Pointon, Natasha"]
[Result "0-1"]
[WhiteElo "1067"]
[BlackElo "1165"]
[PlyCount "42"]
[EventDate "2020.04.23"]
[WhiteTeam "Long Ditton St Mary's"]
[BlackTeam "Hull and Friends 2"]

1. e4 e5 2. Nf3 Nc6 3. Bc4 Bc5 4. d3 Nf6 5. Ng5 O-O 6. d4 Nxd4 7. O-O d6 8. Be3
Nc6 9. Bxc5 dxc5 10. Qf3 Bg4 11. Qc3 a6 12. Na3 Qd7 13. Rad1 Qe7 14. Bd5 Qd7
15. Bxc6 Qxc6 16. Qxe5 Rfe8 17. Qg3 Bxd1 18. Rxd1 Nxe4 19. Nxe4 Qxe4 20. Nb1
Qe1+ 21. Rxe1 Rxe1# 0-1

[Event "Junior Online 4NCL Division 5"]
[Site "online"]
[Date "2020.04.23"]
[Round "2.88"]
[White "Luckhurst, Isaac"]
[Black "New, Felix"]
[Result "1-0"]
[WhiteElo "1075"]
[BlackElo "1015"]
[PlyCount "37"]
[EventDate "2020.04.23"]
[WhiteTeam "Hull and Friends 2"]
[BlackTeam "Long Ditton St Mary's"]

1. e4 e5 2. Nf3 Nc6 3. Bb5 a6 4. Bc4 Na5 5. Nxe5 Qf6 6. f4 Qxf4 7. d3 Bc5 8.
Bxf4 Nf6 9. Bxf7+ Ke7 10. Qd2 d6 11. Qxa5 dxe5 12. Qxc5+ Kxf7 13. Qxc7+ Ke8 14.
Bxe5 a5 15. Rf1 Ng4 16. Rf7 Nxe5 17. Rxg7 Nd7 18. Nc3 Ra6 19. Qxc8# 1-0

[Event "Junior Online 4NCL Division 5"]
[Site "online"]
[Date "2020.04.23"]
[Round "2.91"]
[White "Madhavan, Sanjith"]
[Black "Webb, Tom"]
[Result "1-0"]
[WhiteElo "1498"]
[BlackElo "1285"]
[PlyCount "75"]
[EventDate "2020.04.23"]
[WhiteTeam "East Kilbride Knights"]
[BlackTeam "Ojays F"]

1. e4 e5 2. Nf3 Nc6 3. Bc4 Bc5 4. O-O Nf6 5. d3 O-O 6. Bg5 d6 7. Nc3 h6 8. Bxf6
Qxf6 9. Nd5 Qg6 10. Nxc7 Rb8 11. Kh1 Bg4 12. Nd5 Qh5 13. c3 Kh8 14. Ne3 Bxe3
15. fxe3 Rbd8 16. Qe2 Na5 17. Bd5 Nc6 18. Kg1 Ne7 19. h3 Bxf3 20. Qxf3 Qxf3 21.
Rxf3 Nxd5 22. exd5 Kh7 23. Raf1 Rd7 24. e4 f6 25. d4 exd4 26. cxd4 Re7 27. Re1
g5 28. e5 Kg6 29. e6 f5 30. Rc3 f4 31. Rec1 Kf5 32. Rc7 Ree8 33. e7 Rf7 34. Re1
Kf6 35. Re6+ Kf5 36. g4+ fxg3 37. Rc1 Rfxe7 38. Rf1# 1-0

[Event "Junior Online 4NCL Division 5"]
[Site "online"]
[Date "2020.04.23"]
[Round "2.93"]
[White "Tandon, Ashley"]
[Black "Santhosh, Alwis Joe"]
[Result "1-0"]
[WhiteElo "905"]
[BlackElo "1217"]
[PlyCount "93"]
[EventDate "2020.04.23"]
[WhiteTeam "East Kilbride Knights"]
[BlackTeam "Ojays F"]

1. d4 Nf6 2. c4 e6 3. a3 d5 4. cxd5 exd5 5. Nc3 c5 6. Nf3 Nc6 7. Bg5 Be6 8. e3
c4 9. Be2 h6 10. Bh4 Bf5 11. O-O g5 12. Bg3 Rg8 13. h3 h5 14. Ne5 g4 15. h4 Be7
16. Bf4 Nd7 17. g3 Ndxe5 18. Bxe5 f6 19. Bf4 Bh7 20. e4 dxe4 21. Bxc4 Rg7 22.
Be3 f5 23. Qb3 Na5 24. Qb5+ Nc6 25. Qxb7 Rb8 26. Qxc6+ Kf8 27. Bh6 Rc8 28.
Bxg7+ Kxg7 29. Qe6 Bg8 30. Qxg8+ Qxg8 31. Bxg8 Rxg8 32. d5 Kh7 33. Rac1 Bc5 34.
Rfd1 e3 35. fxe3 Bxe3+ 36. Kf1 Bxc1 37. Rxc1 Rc8 38. d6 Rd8 39. Rd1 Kg6 40. Nb5
a6 41. Na7 Kf6 42. Nc6 Rd7 43. Ke2 Ke6 44. Ke3 Rxd6 45. Rxd6+ Kxd6 46. Nd4 Ke5
47. b4 1-0

[Event "Junior Online 4NCL Division 5"]
[Site "online"]
[Date "2020.04.23"]
[Round "2.94"]
[White "Rivera Machens, Rafael"]
[Black "Nagar Nikunj"]
[Result "1/2-1/2"]
[WhiteElo "1067"]
[BlackElo "653"]
[PlyCount "72"]
[EventDate "2020.04.23"]
[WhiteTeam "Ojays F"]
[BlackTeam "East Kilbride Knights"]

1. e4 e5 2. Nf3 Nc6 3. Bc4 Bc5 4. c3 Nf6 5. d4 exd4 6. cxd4 Bb4+ 7. Bd2 Bxd2+
8. Nbxd2 Qe7 9. Qe2 b6 10. O-O d6 11. Rfe1 Qd7 12. Bd5 Bb7 13. Rac1 O-O-O 14.
Bb3 Rhe8 15. Ba4 Kb8 16. Qd3 d5 17. e5 Ng8 18. Rc2 g6 19. Rec1 Re6 20. Ng5 Re7
21. Bxc6 Bxc6 22. Rxc6 Rc8 23. Nxh7 f6 24. Nxf6 Nxf6 25. exf6 Re6 26. Rxe6 Qxe6
27. Qxg6 Rf8 28. h4 Rxf6 29. Qg7 Rf7 30. Qg8+ Kb7 31. h5 Qf6 32. Qg6 Qxf2+ 33.
Kh1 Qh4+ 34. Kg1 Qf2+ 35. Kh2 Qh4+ 36. Kg1 Qf2+ 1/2-1/2

[Event "Junior Online 4NCL Division 5"]
[Site "online"]
[Date "2020.04.23"]
[Round "2.95"]
[White "Webb, Tom"]
[Black "Madhavan, Sanjith"]
[Result "0-1"]
[WhiteElo "1285"]
[BlackElo "1498"]
[PlyCount "112"]
[EventDate "2020.04.23"]
[WhiteTeam "Ojays F"]
[BlackTeam "East Kilbride Knights"]

1. e4 c6 2. Nc3 d5 3. exd5 cxd5 4. d4 Nc6 5. Bb5 Nf6 6. Nf3 Bg4 7. h3 Bxf3 8.
Qxf3 e6 9. O-O Bd6 10. Re1 O-O 11. Bxc6 bxc6 12. Bf4 Qc7 13. Bxd6 Qxd6 14. a3
Rab8 15. Ra2 c5 16. dxc5 Qxc5 17. Qg3 Rfc8 18. Re5 Qd6 19. Rg5 Qxg3 20. Rxg3 d4
21. Ne2 e5 22. c3 Ne4 23. cxd4 Nxg3 24. Nxg3 exd4 25. b4 d3 26. Rd2 Rc3 27. Ne4
Rxa3 28. Nc5 Rxb4 29. Rxd3 Rxd3 30. Nxd3 Rb1+ 31. Kh2 a5 32. Kg3 a4 33. Kf3 a3
34. Ke2 a2 35. Ke3 a1=Q 36. Ke4 Re1+ 37. Nxe1 Qxe1+ 38. Kd5 Qxf2 39. Ke4 Qxg2+
40. Kd4 Qxh3 41. Ke4 Qf1 42. Ke5 Qf3 43. Kd4 Qe2 44. Kd5 Qe3 45. Kc4 Qd2 46.
Kc5 Qd3 47. Kc6 Qd4 48. Kb5 Qc3 49. Kb6 Qc4 50. Kb7 Qc5 51. Ka6 Qb4 52. Ka7 Kf8
53. Ka6 Ke7 54. Ka7 Kd7 55. Ka6 Kc7 56. Ka7 Qa4# 0-1

[Event "Junior Online 4NCL Division 5"]
[Site "online"]
[Date "2020.04.23"]
[Round "2.97"]
[White "Santhosh, Alwis Joe"]
[Black "Tandon, Ashley"]
[Result "1-0"]
[WhiteElo "1217"]
[BlackElo "905"]
[PlyCount "71"]
[EventDate "2020.04.23"]
[WhiteTeam "Ojays F"]
[BlackTeam "East Kilbride Knights"]

1. e4 c6 2. d4 d5 3. exd5 cxd5 4. Nc3 e6 5. Bf4 Nc6 6. Nb5 e5 7. dxe5 a6 8. Nc3
Bb4 9. a3 Ba5 10. b4 Bc7 11. Nf3 Be6 12. Bd3 Nge7 13. Qd2 Qd7 14. Ne2 O-O-O 15.
b5 axb5 16. Bxb5 Bf5 17. a4 Bb6 18. a5 Ba7 19. a6 Qc7 20. axb7+ Qxb7 21. Ba6
Qxa6 22. Rxa6 Bc5 23. O-O Nb4 24. Qc3 Nxa6 25. Ra1 Kb7 26. Qb2+ Bb6 27. Rb1
Bxc2 28. Qxb6+ Kc8 29. Qxa6+ Kd7 30. Rb7+ Ke8 31. Ned4 Bg6 32. e6 h6 33. Ne5
Rf8 34. Qa4+ Nc6 35. Qxc6+ Rd7 36. Qxd7# 1-0

[Event "Junior Online 4NCL Division 5"]
[Site "online"]
[Date "2020.04.23"]
[Round "2.98"]
[White "Nagar Nikunj"]
[Black "Rivera Machens, Rafael"]
[Result "1/2-1/2"]
[WhiteElo "653"]
[BlackElo "1067"]
[PlyCount "173"]
[EventDate "2020.04.23"]
[WhiteTeam "East Kilbride Knights"]
[BlackTeam "Ojays F"]

1. e4 c5 2. Nc3 Nc6 3. Nf3 e6 4. Bc4 Bd6 5. d3 Bc7 6. Bd2 d6 7. Bf4 e5 8. Be3
Bg4 9. h3 Bh5 10. g4 Bg6 11. Qd2 Nd4 12. Bxd4 exd4 13. Nd5 Nf6 14. Nxc7+ Qxc7
15. Qg5 O-O 16. h4 Nxe4 17. dxe4 Bxe4 18. Rh3 Bxc2 19. h5 Rfe8+ 20. Kf1 Qc6 21.
h6 g6 22. Qf6 Kf8 23. Qg7+ Ke7 24. Re1+ Kd8 25. Qf6+ Re7 26. Qxe7+ Kc8 27. Qe8+
Qxe8 28. Rxe8+ Kc7 29. Rxa8 Be4 30. Rxa7 Bxf3 31. Rxf3 Kc6 32. Rxf7 b5 33.
Rfc7+ Kb6 34. Rab7+ Ka6 35. Bd5 Ka5 36. Rc8 c4 37. Ra8+ Kb4 38. Rc7 c3 39. Rc4+
bxc4 40. Rb8+ Ka5 41. Rb7 c2 42. Rxh7 c1=Q+ 43. Kg2 Qxb2 44. Rg7 c3 45. h7 c2
46. h8=Q c1=Q 47. Qa8+ Kb4 48. Rb7+ Kc3 49. Qc8+ Kd2 50. Rxb2+ Qxb2 51. Qa6 d3
52. Qa5+ Qc3 53. Qxc3+ Kxc3 54. Bf3 d2 55. Kf1 Kc2 56. Kg2 d1=Q 57. Bxd1+ Kxd1
58. Kg3 Kc1 59. Kf4 Kb1 60. Kg5 Kxa2 61. Kxg6 d5 62. Kf6 Kb3 63. g5 d4 64. g6
d3 65. g7 d2 66. g8=Q+ Kc2 67. Qc8+ Kd3 68. Qd7+ Ke2 69. Qb5+ Kxf2 70. Qb2 Ke2
71. Ke5 Ke1 72. Qc3 Ke2 73. Qc2 Ke1 74. Qe4+ Kf2 75. Qf4+ Ke2 76. Qh2+ Ke1 77.
Qh4+ Ke2 78. Qg4+ Ke1 79. Qb4 Ke2 80. Qe4+ Kf1 81. Qf4+ Ke1 82. Qg3+ Ke2 83.
Qg2+ Ke1 84. Qe4+ Kf1 85. Qb1+ Ke2 86. Qc2 Ke1 87. Qe4+ 1/2-1/2

[Event "Junior Online 4NCL Division 5"]
[Site "online"]
[Date "2020.04.23"]
[Round "2.101"]
[White "Sharan, Kartike"]
[Black "Kulkarni, Arnav"]
[Result "1-0"]
[WhiteElo "1140"]
[BlackElo "1070"]
[PlyCount "141"]
[EventDate "2020.04.23"]
[WhiteTeam "Phones Junior A"]
[BlackTeam "St John's College C"]

1. e4 e5 2. Nf3 Nc6 3. Bc4 Nf6 4. d3 Bc5 5. Be3 Bxe3 6. fxe3 O-O 7. O-O d5 8.
exd5 Nxd5 9. Bxd5 Qd6 10. Bxc6 Qxc6 11. Nc3 Bg4 12. h3 Bh5 13. Qd2 Rad8 14.
Nxe5 Qb6 15. Nc4 Qc6 16. Rf5 g6 17. Rf2 Rd7 18. Ne5 Qd6 19. Nxd7 Qxd7 20. Ne4
f5 21. Nc5 Qb5 22. Qc3 Re8 23. a4 Qc6 24. Qc4+ Kh8 25. e4 fxe4 26. g4 e3 27.
Rff1 e2 28. Rfe1 Qf3 29. Qd4+ Kg8 30. Qf2 Qxh3 31. gxh5 Rf8 32. Qg2 Qe3+ 33.
Kh1 Qxc5 34. Rxe2 Qxh5+ 35. Qh2 Qd5+ 36. Rg2 Rf2 37. Qg3 Qh5+ 38. Kg1 Rxg2+ 39.
Qxg2 Qc5+ 40. Kf1 Qf5+ 41. Qf2 Qh3+ 42. Ke1 Qh1+ 43. Qf1 Qh4+ 44. Kd2 Qb4+ 45.
Kc1 h5 46. Qf2 Kh7 47. Qf7+ Kh6 48. Qf1 h4 49. Qd1 Qf4+ 50. Qd2 g5 51. Qxf4
gxf4 52. Kd2 Kg5 53. Rh1 Kg4 54. Ke2 f3+ 55. Kf2 Kf4 56. Rxh4+ Kg5 57. Rh7 c5
58. Rxb7 a5 59. Rb5 Kf4 60. Rxc5 Kg4 61. Rxa5 Kf4 62. Rc5 Kg4 63. Rc4+ Kh3 64.
Kxf3 Kh2 65. Rg4 Kh3 66. Rf4 Kh2 67. Rg4 Kh3 68. Rg8 Kh2 69. d4 Kh1 70. Kf2 Kh2
71. Rh8# 1-0

[Event "Junior Online 4NCL Division 5"]
[Site "online"]
[Date "2020.04.23"]
[Round "2.102"]
[White "Baranidharan, Kritthik"]
[Black "Vadalia, Jainill"]
[Result "0-1"]
[WhiteElo "1040"]
[BlackElo "1123"]
[PlyCount "176"]
[EventDate "2020.04.23"]
[WhiteTeam "St John's College C"]
[BlackTeam "Phones Junior A"]

1. Nf3 d5 2. g3 c5 3. Bg2 Nf6 4. O-O Nc6 5. d3 e6 6. Nbd2 Bd7 7. e4 Bd6 8. Re1
Qc7 9. b3 O-O 10. Bb2 d4 11. Nc4 e5 12. Nxd6 Qxd6 13. c3 Rac8 14. c4 b6 15. Qd2
h6 16. Nh4 Ne7 17. Rad1 Bg4 18. Bf3 Bxf3 19. Nxf3 Rfe8 20. Ba3 Nc6 21. Nh4 Ne7
22. b4 Qe6 23. bxc5 bxc5 24. Qa5 Qb6 25. Qd2 Qa6 26. Bc1 Qe6 27. Ba3 Qh3 28.
Nf3 Ng6 29. Qa5 Qd7 30. Bxc5 Ra8 31. Qb5 Qxb5 32. cxb5 Rec8 33. Bb4 Rab8 34.
Rc1 Rxc1 35. Rxc1 Rxb5 36. a3 a5 37. Rc5 Rxc5 38. Bxc5 Nd7 39. Bd6 f6 40. Bc7
a4 41. Nd2 Nc5 42. Nc4 Nxd3 43. Nb6 Nb2 44. Kf1 d3 45. Ke1 d2+ 46. Kxd2 Kf7 47.
Kc2 Nd1 48. Kxd1 Ke6 49. Nxa4 Kd7 50. Bb6 Kc6 51. Be3 Kb5 52. Nb2 Ne7 53. a4+
Kb4 54. Bd2+ Kc5 55. a5 Kc6 56. Nc4 Kb7 57. Kc2 Nc6 58. Kb3 Nd4+ 59. Ka4 Ka6
60. Nd6 Nf3 61. Be3 Nxh2 62. Ne8 Ng4 63. Nxg7 Nxe3 64. fxe3 Ka7 65. Kb5 Kb7 66.
Ne6 h5 67. Nd8+ Kc8 68. Nc6 Kb7 69. a6+ Ka8 70. Kb6 f5 71. a7 fxe4 72. Kc7 h4
73. Ne7 hxg3 74. Nc8 g2 75. Nb6+ Kxa7 76. Na4 g1=Q 77. Nc5 Qxe3 78. Nd7 Qc3+
79. Nc5 Qxc5+ 80. Kd7 Qb6 81. Ke7 Qc6 82. Kf7 Qd6 83. Ke8 Qc7 84. Kf8 Qh7 85.
Ke8 Qg7 86. Kd8 Qf7 87. Kc8 Kb6 88. Kd8 Kc6 0-1

[Event "Junior Online 4NCL Division 5"]
[Site "online"]
[Date "2020.04.23"]
[Round "2.103"]
[White "Lukhi, Neev"]
[Black "Omidvar, Dominic"]
[Result "1-0"]
[WhiteElo "969"]
[BlackElo "974"]
[PlyCount "121"]
[EventDate "2020.04.23"]
[WhiteTeam "Phones Junior A"]
[BlackTeam "St John's College C"]

1. d4 d5 2. c4 dxc4 3. e3 Nf6 4. Bxc4 Nc6 5. Nc3 e5 6. Nf3 Bg4 7. Be2 Bxf3 8.
Bxf3 exd4 9. Bxc6+ bxc6 10. exd4 c5 11. d5 Qe7+ 12. Be3 Qd6 13. O-O c6 14. Re1
Be7 15. dxc6 Qxc6 16. Qa4 Qxa4 17. Nxa4 Nd7 18. Nxc5 Rd8 19. Nxd7 Rxd7 20. Rad1
Rxd1 21. Rxd1 O-O 22. Rd7 Bf6 23. b3 a5 24. Ra7 Bc3 25. Bb6 Re8 26. h3 g6 27.
Bxa5 Bd4 28. Rd7 Ra8 29. Rd8+ Rxd8 30. Bxd8 Kg7 31. a4 f5 32. b4 Bc3 33. b5 Kf7
34. a5 Be5 35. a6 Ke8 36. a7 Kxd8 37. a8=Q+ Ke7 38. b6 Kf6 39. Qd8+ Ke6 40. b7
h5 41. b8=Q Bxb8 42. Qxb8 Kf6 43. Qh8+ Kg5 44. f4+ Kxf4 45. Kh2 Kg5 46. g3 f4
47. Qe5+ Kh6 48. Qxf4+ g5 49. Qf6+ Kh7 50. Qxg5 Kh8 51. Qxh5+ Kg7 52. Qf5 Kh6
53. g4 Kg7 54. h4 Kh6 55. g5+ Kg7 56. h5 Kg8 57. h6 Kh8 58. Qf6+ Kh7 59. g6+
Kg8 60. Qf7+ Kh8 61. Qg7# 1-0

[Event "Junior Online 4NCL Division 5"]
[Site "online"]
[Date "2020.04.23"]
[Round "2.104"]
[White "Omidvar, Lara"]
[Black "Anbu, Rajkumar"]
[Result "0-1"]
[WhiteElo "790"]
[BlackElo "813"]
[PlyCount "38"]
[EventDate "2020.04.23"]
[WhiteTeam "St John's College C"]
[BlackTeam "Phones Junior A"]

1. e4 e5 2. Nf3 Nc6 3. Bc4 Nh6 4. d4 exd4 5. Nxd4 Nxd4 6. Qxd4 b6 7. Qd5 Qf6 8.
Qxa8 Qd8 9. Qxa7 Bb4+ 10. Nc3 Ng4 11. O-O Qh4 12. h3 Bc5 13. Be3 Nxe3 14. fxe3
Bxe3+ 15. Kh1 Bf4 16. Qb8 O-O 17. g3 Qxh3+ 18. Kg1 Qxg3+ 19. Kh1 Qh2# 0-1